|
|
|
|
| LEADER |
00000nab a22000001a 4500 |
| 001 |
vtls010306455 |
| 003 |
SK-MaSNL |
| 005 |
20260305001400.0 |
| 008 |
110826d19350112xo |r|p|||| |000 b|slo |
| 015 |
|
|
|a SNBRRBVU1918-1938
|
| 038 |
|
|
|a SNKBUCL
|
| 040 |
|
|
|a SNKBUVU
|b slo
|c SNKBUCL
|e AACR2
|
| 041 |
0 |
|
|a slo
|
| 044 |
|
|
|a xo
|c SK
|
| 080 |
|
|
|a 766
|2 1997
|
| 080 |
|
|
|a 796
|2 1997
|
| 100 |
0 |
|
|a VR.
|4 aut
|9 865549
|
| 245 |
1 |
0 |
|a Prípravy k VII. sokolsko-legionárskym šibrinkám v Levoči ...
|c [autor] Vr.
|
| 500 |
|
|
|a V rubrike Chýrnik
|
| 520 |
|
|
|a Správa o originálnych pozvánkach na šibrinky 9.2.1935, ktoré podľa umeleckého návrhu Bl. Černovickej do linorytu vyryl J. Sámel. Opis titulnej strany
|
| 600 |
1 |
7 |
|a Černovická, B.
|2 MM
|9 1576638
|
| 600 |
1 |
7 |
|a Sámel, Ján
|2 MM
|9 273881
|
| 650 |
0 |
7 |
|a grafika
|2 MM
|9 814
|
| 650 |
0 |
7 |
|a pozvánky
|2 MM
|9 353514
|
| 773 |
0 |
|
|t Spišské hlasy
|g Roč. 2, č. 2 (12.1.1935), s. 4
|
| 852 |
|
|
|a SNK
|b KIS3GCP
|
| 910 |
|
|
|a snkrbvumm
|
| 958 |
|
|
|a VY
|
| 999 |
|
|
|c 3219035
|d 3220965
|